Welcome to CU Library Online Public Access Catalogue (OPAC)

Counselling in the pastoral and spiritual context / (Record no. 6054)

MARC details
000 -LEADER
fixed length control field 00648pam a2200205 a 4500
001 - CONTROL NUMBER
control field 3015151
005 - DATE AND TIME OF LATEST TRANSACTION
control field 20250529173758.0
008 - FIXED-LENGTH DATA ELEMENTS--GENERAL INFORMATION
fixed length control field 940614s1995 enk b 001 0 eng
020 ## - INTERNATIONAL STANDARD BOOK NUMBER
International Standard Book Number 0335191630 (hb)
020 ## - INTERNATIONAL STANDARD BOOK NUMBER
International Standard Book Number 0335191622 (pb) :
Terms of availability £10.99 (est.)
050 00 - LIBRARY OF CONGRESS CALL NUMBER
Classification number BV4012.2
Item number .L92 1995
082 00 - DEWEY DECIMAL CLASSIFICATION NUMBER
Classification number 253.5
Edition information 20
100 1# - MAIN ENTRY--PERSONAL NAME
Personal name Lyall, David,
Dates associated with a name 1936-
245 10 - TITLE STATEMENT
Title Counselling in the pastoral and spiritual context /
Statement of responsibility, etc. David Lyall.
260 ## - PUBLICATION, DISTRIBUTION, ETC.
Place of publication, distribution, etc. Buckingham ;
-- Philadelphia :
Name of publisher, distributor, etc. Open University Press,
Date of publication, distribution, etc. 1995.
300 ## - PHYSICAL DESCRIPTION
Extent x, 159 p. ;
Dimensions 22 cm.
440 #0 - SERIES STATEMENT/ADDED ENTRY--TITLE
Title Counselling in context
650 #0 - SUBJECT ADDED ENTRY--TOPICAL TERM
Topical term or geographic name entry element Pastoral counseling
Geographic subdivision Great Britain.
942 ## - ADDED ENTRY ELEMENTS (KOHA)
Source of classification or shelving scheme Library of Congress Classification
Koha item type Books
Suppress in OPAC No
999 ## -
-- 6054
-- 6054
Holdings
Withdrawn status Lost status Source of classification or shelving scheme Damaged status Not for loan Collection Home library Current library Shelving location Date acquired Total checkouts Full call number Barcode Date last seen Copy number Price effective from Koha item type
    Library of Congress Classification     Non-fiction Undergraduate Library (Christ Temple) Undergraduate Library (Christ Temple) General stacks 05/29/2025   BV4012.2 LYA ulct00002746 05/29/2025 1 05/29/2025 Books
    Library of Congress Classification     Non-fiction Undergraduate Library (Christ Temple) Undergraduate Library (Christ Temple) General stacks 05/29/2025   BV4012.2 LYA ulct00002747 05/29/2025 2 05/29/2025 Books
© 2023-2024 Copyright: Central University Libraries. All Rights Reserved | Created by: Mahone Tech Office